00901nam a22002417a 450000500170000001000130001702000220003003500130005203700160006504000120008108200150009310000270010824500680013526000430020327000560024630000320030250000400033465000450037465000350041994200240045499900190047895201620049720170124110143.0 aA-395041 c70.00a812240104X aA-395041 bCen Lib/Ret aDPLbEN a621.5bPRA aPrasad, Manohar932874 aRefrigeration and airconditioning databook /cby Manohar Prasad aNew DelhibWiley Eastern Limitedc1989 a4835/24, Ansari Road, Darya GanjbNew Delhie110002 aiii,304p. :c24cm(Hb)bill. aIncludes bibliographical references aRefrigeration and air conditoning932875 aRefrigerating engineers932876 2ddccENh621.5mPRA c131811d131811 04104070aLbLd2015-07-16eCen Lib/Retg70.00l0o621.5 PRApA-395041r2015-07-16 00:00:00t1v70.00w2015-07-16yENzW/d List No. 6871/ 8; dtd 13/08/2020